Grades de l'Armée de terre française - Statistiques

Statistiques générales
  • Ce quiz a été pris 1 420 fois
  • Le résultat moyen est 13 sur 21
Statistiques - réponses
Grades principaux Réponse % Correct
Caporal
89%
Lieutenant
89%
Sergent
88%
Officiers supérieurs Colonel
80%
Sergent-chef
80%
Officiers subalternes Capitaine
79%
Militaires du rang Caporal-chef
78%
Soldat
74%
Adjudant
71%
Sous-officiers Major
71%
Commandant
68%
Sous-lieutenant
68%
Adjudant-chef
67%
Lieutenant-colonel
65%
Général de brigade
54%
Aspirant
53%
Officiers généraux Général d'armée
51%
Général de division
49%
Général de corps d'armée
40%
Élève-officier
12%
Élève sous-officier
7%
Aucun quiz correspondant
Distribution des résultats
% des personnes avec chaque résultat
Percentile par nombre de réponses
Votre historique - résultats
Vous n’avez pas pris ce quiz